000 00792nam a2200265Ia 4500
001 Para_5445
003 CHAP
008 220125s1928 xx 000 0 und d
010 _a203786
040 _cCHAP
090 _aPA FOLLETO 2786
110 _aEUA. Department of Agriculture
_938805
245 _aDepartment bulletins nos. 1151-1175 :
_b with contents /
_c Department of Agriculture
260 _aWashington :
_b Department of Agriculture
300 _a10 p.
440 _aEUA. Dep. of Agri. Bull.; 1151-1175
_9169695
650 _aAgricultura y ganaderia
_x Bibliografía
_92076
901 _aPA FOLLETO 2786
902 _aA
905 _a0000001928 WAS 0000000000 00
910 _a1928
942 _cPARA
942 _cPARA
_d1
999 _c203786
_d203786